000 00339nam a2200121Ia 4500
005 20250423100950.0
008 250422s9999 xx 000 0 und d
020 _a0- 912045- 39- 6
245 0 _aSolutions manual for the engineer- in- training reference manual
260 _bProfessional publications, inc.
260 _c1992
942 _cBK
999 _c34879
_d34879